000 01054nam a2200313 a 4500
001 000015671
003 DO-SdBNP
005 20251017115024.0
007 ta
008 100217s2008 dr a 001 0 spa d
020 _a9789945162615
040 _aDO-SdBNP
_bspa
_cBNPHU
082 4 _a616.8914
_bV496h
_222
100 1 _aVergés, Luis,
_d1962 -
_935235
245 1 0 _aHabilidades para la entrevista psicoterapéutica en la práctica clínica /
_cLuis Vergés.
260 _aSanto Domingo :
_bBúho,
_c2008.
300 _a246 p. :
_bil. ;
_c23 cm.
500 _aIncluye datos biográficos del autor en la contracubierta.
500 _aIncluye bibliografía y notas al pie de páginas.
504 _aBibliografía : p. 245-246
590 _aInventariado, 2018/LP
650 0 _aPsicoterapia
_9465
650 4 _aConsejería en salud mental
_935322
650 4 _aAnamnesis
_935323
650 4 _aPsicoterapeuta y paciente
_935324
650 4 _aEntrevistas en salud mental
_935325
910 _aValidado. Control de calidad EMS
942 _2ddc
_cLBS1
999 _c15223
_d15223